000 00809nam a2200301Ia 4500
001 17753
003 IT-RoPAU
008 130308s9999 xx 000 0 und d
040 _aIT-RoPAU
040 _cIT-RoPAU
041 _aITALIANO
100 _aComuzio Ermanno
100 _gCodice Aut. SPICS: 7870
245 _aRaoul Walsh (L.N.I.)
245 _bRaoul Walsh (L.N.I.)
250 _a1a ed.
260 _aFIRENZE
260 _bLa Nuova Italia
260 _c1982 [1° Ed.:1982 - Ed.Ling.Originale:1982]
300 _a"162 p. (prefazione: no ; testo: 162)"
500 _aMonografia sull'attore e regista Raoul Walsh Filmografia di Raoul Walsh
650 _aAUTORI/OPERE DEL CINEMA
650 _eCodice materia Spics: 6807
942 _cBK
957 _71
999 _c71825
_d71825
999 _bSI
999 _g1